| 000 | 01121cam a22001934a 4500 | ||
|---|---|---|---|
| 005 | 20250605164050.0 | ||
| 008 | 250528s ||||||||||||||||||||||||d | ||
| 035 | _a17244 | ||
| 020 | _a471130494 | ||
| 040 |
_aGR-AtMCL _bgre _dGR-AtMCL _eAACR2 |
||
| 245 | 1 | _aCapital Markets and Institutions / A Global View | |
| 260 |
_bJohn Wiley & Sons, Ltd, _c1997 |
||
| 300 | _a780 | ||
| 520 | _aFinance and You, Private Financial Intermediaries, The World's Central Banks and Regulatory Authorities, Monetary Policy, Regulatory Policy, Clearing and Settlement of Transactions, Computing Interest Rates and Risk Exposure, Computing Foreign Exchange Rates and Risk Exposure, Market Risk Management, The Federal Funds Markets, Repurchase Agreements, Eurocurrencies, Bankers Acceptances and Letters of Credit and Certificates of Deposit, Commercial Paper and Loan Commitments, Government Securities, Corporate Bonds, Equity, Financial Futures and Forward Contracts, Financial Options, Swaps, Mortage-Backed Securities, Glossary, Appendix, Index. | ||
| 700 | 1 |
_aAllen Linda _93405 |
|
| 942 | _cBK | ||
| 999 |
_c2672 _d2672 |
||